Тенденции развития образования: педагог, образовательная организация, общество - 2023 (Запись № 12722056)

Подробности
000 -МАРКЕР
контрольное поле 02752nam0a2200373 4500
001 - ИДЕНТИФИКАТОР ЗАПИСИ
контрольное поле RU\NLR\BIBL_A\022092788
005 - ИДЕНТИФИКАТОР ВЕРСИИ
контрольное поле 20240117181018.0
010 ## - МЕЖДУНАРОДНЫЙ СТАНДАРТНЫЙ НОМЕР КНИГИ (ISBN)
Номер (ISBN) 978-5-907688-61-2
Тираж 500
021 ## - НОМЕР ГОСУДАРСТВЕННОЙ РЕГИСТРАЦИИ
Код страны Российская Федерация
Номер КН-П-23-070076
Номер Листа государственной регистраци КН-П-23-7105
035 ## - ДРУГИЕ СИСТЕМНЫЕ НОМЕРА
Идентификатор записи (NLR Aleph) 022092788
100 ## - ДАННЫЕ ОБЩЕЙ ОБРАБОТКИ
Данные общей обработки 20231208d2023 k y0rusy50 ca
101 0# - ЯЗЫК РЕСУРСА
Язык текста, звукозаписи и т.д. русский
-- английский
102 ## - СТРАНА ПУБЛИКАЦИИ ИЛИ ПРОИЗВОДСТВА
Страна публикации Российская Федерация
105 ## - ПОЛЕ КОДИРОВАННЫХ ДАННЫХ: ТЕКСТОВЫЕ МАТЕРИАЛЫ, МОНОГРАФИЧЕСКИЕ
Кодированные данные о монографическом текстовом документе а|||z|||100yy
181 #0 - ПОЛЕ КОДИРОВАННЫХ ДАННЫХ: ВИД СОДЕРЖАНИЯ
Код вида содержания (ISBD) i3
Код характеристики содержания (ISBD) axxe
182 #0 - ПОЛЕ КОДИРОВАННЫХ ДАННЫХ: ТИП СРЕДСТВА
Код типа средства (ISBD) n - непосредственное
200 1# - ЗАГЛАВИЕ И СВЕДЕНИЯ ОБ ОТВЕТСТВЕННОСТИ
Основное заглавие Тенденции развития образования: педагог, образовательная организация, общество - 2023
Сведения, относящиеся к заглавию материалы Всероссийской научно-практической конференции с международным участием (Чебоксары, 25 августа 2023 г.)
Первые сведения об ответственности Бюджетное учреждение Чувашской Республики дополнительного профессионального образования "Чувашский республиканский институт образования" Министерства образования Чувашской Республики
Последующие сведения об ответственности редакционная коллегия: Мурзина Жанна Владимировна, главный редактор, канд. биол. наук, Егорова Анна Семёновна, канд. филол. наук, доцент
203 ## - ВИД СОДЕРЖАНИЯ И ТИП СРЕДСТВА
Вид содержания Текст
Дополнительные сведения об издании визуальный
Тип средства непосредственный
210 ## - ПУБЛИКАЦИЯ, РАСПРОСТРАНЕНИЕ И ДР.
Место издания, распространения и т.д. Чебоксары
Имя издателя, распространителя и т. д. Среда
Дата издания, распространения и т.д. 2023
215 ## - ФИЗИЧЕСКАЯ ХАРАКТЕРИСТИКА
Специфическое обозначение материала и объем 331 с.
Другие сведения о физической характеристике ил., табл.
Размеры 21
225 1# - СЕРИЯ
Основное заглавие серии Образование через всю жизнь
300 ## - ОБЩИЕ ПРИМЕЧАНИЯ
Текст примечания Часть текста англ.
320 ## - ПРИМЕЧАНИЯ О НАЛИЧИИ В ДОКУМЕНТЕ БИБЛИОГРАФИИ / УКАЗАТЕЛЯ
Текст примечания Библиогр. в конце ст.
606 1# - НАИМЕНОВАНИЕ ТЕМЫ КАК ПРЕДМЕТ
Наименование темы Образование
Географический подзаголовок Российская Федерация
Формальный подзаголовок Съезды, совещания и т.п
Код системы nlr_sh2
Идентификатор авторитетной/нормативной записи RU\NLR\AUTH\661375304
686 1# - ИНДЕКСЫ ДРУГИХ КЛАССИФИКАЦИЙ
Индекс Ч34(2Р)я431
702 #1 - ИМЯ ЛИЦА - ВТОРИЧНАЯ ОТВЕТСТВЕННОСТЬ
Начальный элемент ввода Мурзина
Часть имени, кроме начального элемента ввода Ж. В.
Даты 1969-
Расширение инициалов личного имени Жанна Владимировна
Код отношения Редактор
711 12 - НАИМЕНОВАНИЕ ОРГАНИЗАЦИИ - АЛЬТЕРНАТИВНАЯ ОТВЕТСТВЕННОСТЬ
Начальный элемент ввода "Тенденции развития образования: педагог, образовательная организация, общество - 2023", всероссийская научно-практическая конференция с международным участием
Место проведения временной организации Чебоксары
Идентификатор авторитетной/нормативной записи RU\NLR\AUTH\880601845
712 02 - НАИМЕНОВАНИЕ ОРГАНИЗАЦИИ - ВТОРИЧНАЯ ОТВЕТСТВЕННОСТЬ
Начальный элемент ввода Чувашский республиканский институт образования
Идентифицирующий признак Чебоксары
Идентификатор авторитетной/нормативной записи RU\NLR\AUTH\8810155690
Код отношения Издающая организация
942 ## - ДОПОЛНИТЕЛЬНЫЕ ЭЛЕМЕНТЫ ЗАПИСИ (АБИС)
Тип экземпляра АБИС Книга
980 ## - КОЛЛЕКЦИЯ
Название коллекции Национальная библиография
Экземпляры
Тип экземпляра Дата поступления Источник поступления Библиотека постоянного хранения Библиотека текущего хранения Место хранения Шифр хранения Штрих-код Статус экземпляра
Книга 08.12.2023 Обязательный экземпляр РНБ (Московский) РНБ (Московский) Русский книжный фонд: издания с 1957 года 2023-3/25436 1-4427737  
Книга 08.12.2023 Обязательный экземпляр РНБ (Московский) РНБ (Московский) Русский книжный фонд: издания с 1957 года 2023-3/25436 1-4427738